| 000 -LEADER |
| fixed length control field |
00636nam a22002057a 4500 |
| 005 - DATE AND TIME OF LATEST TRANSACTION |
| control field |
20240513165725.0 |
| 008 - FIXED-LENGTH DATA ELEMENTS--GENERAL INFORMATION |
| fixed length control field |
240513s2006 enk||||| |||| 00| 0 eng d |
| 020 ## - INTERNATIONAL STANDARD BOOK NUMBER |
| International Standard Book Number |
9781903734605x |
| 041 ## - LANGUAGE CODE |
| Language code of text/sound track or separate title |
eng |
| 080 ## - UNIVERSAL DECIMAL CLASSIFICATION NUMBER |
| Universal Decimal Classification number |
616.1 M-12 |
| 100 ## - MAIN ENTRY--PERSONAL NAME |
| Personal name |
MacGregor, Graham |
| 9 (RLIN) |
22082 |
| 245 ## - TITLE STATEMENT |
| Title |
Fast Facts :Hypertension / |
| Statement of responsibility, etc. |
Graham MacGregor, Norman Kaplan. |
| 250 ## - EDITION STATEMENT |
| Edition statement |
Third edition |
| 264 ## - PRODUCTION, PUBLICATION, DISTRIBUTION, MANUFACTURE, AND COPYRIGHT NOTICE |
| Place of production, publication, distribution, manufacture |
Oxford : |
| Name of producer, publisher, distributor, manufacturer |
Health Press, |
| Date of production, publication, distribution, manufacture, or copyright notice |
2006. |
| 300 ## - PHYSICAL DESCRIPTION |
| Extent |
92 p.: |
| Other physical details |
ill.; |
| Dimensions |
21 cm. |
| 653 ## - INDEX TERM--UNCONTROLLED |
| keyword |
ჰიპერტენზია |
| 653 ## - INDEX TERM--UNCONTROLLED |
| keyword |
მედიცინა |
| 700 ## - ADDED ENTRY--PERSONAL NAME |
| Personal name |
Kaplan, Norman |
| Relator term |
ავტორი |
| 9 (RLIN) |
22083 |
| 942 ## - ADDED ENTRY ELEMENTS (KOHA) |
| Source of classification or shelving scheme |
|
| Koha item type |
წიგნი |